[Event "NOR-ch U20 Girls"]
[Site "Sandnes"]
[Date "2015.02.13"]
[Round "5"]
[White "Jorgensen, Line Jin"]
[Black "Hansen, Erle Andrea Marki"]
[Result "1-0"]
[WhiteElo "1944"]
[BlackElo "1784"]
[PlyCount "40"]
[EventDate "2015.02.13"]
[EventType "swiss"]
[EventRounds "6"]
[EventCountry "NOR"]
[SourceTitle "EXT 2017"]
[Source "ChessBase"]
[SourceDate "2016.10.25"]
[SourceVersion "1"]
[SourceVersionDate "2016.10.25"]
[SourceQuality "1"]

1. a3 Nf6 2. b4 d5 3. Bb2 Bf5 4. Nf3 Nbd7 5. e3 e6 6. Be2 Bd6 7. d4 c6 8. Nbd2 b5 9. Ne5 Qc7 10. f4 h6 11. g4 Bh7 12. h4 Ne4 13. g5 Ng3 14. Rg1 Nxe2 15. Qxe2 hxg5 16. Rxg5 Bxe5 17. fxe5 Bg6 18. h5 Qd8 19. Qg4 Bf5 20. Qg3 Nf8 1-0

[Event "NOR-ch U20 Girls"]
[Site "Sandnes"]
[Date "2015.02.13"]
[Round "1"]
[White "Jorgensen, Line Jin"]
[Black "Kyrkjebo, Hannah Bakken"]
[Result "1/2-1/2"]
[WhiteElo "1944"]
[BlackElo "1747"]
[PlyCount "74"]
[EventDate "2015.02.13"]
[EventType "swiss"]
[EventRounds "6"]
[EventCountry "NOR"]
[SourceTitle "EXT 2017"]
[Source "ChessBase"]
[SourceDate "2016.10.25"]
[SourceVersion "1"]
[SourceVersionDate "2016.10.25"]
[SourceQuality "1"]

1. d4 d5 2. Nf3 Nf6 3. Bg5 Ne4 4. Bh4 c6 5. Nbd2 Qb6 6. Rb1 Bf5 7. e3 Nd7 8. Bd3 e6 9. 0-0 Ndf6 10. Qe2 Be7 11. c4 0-0 12. Ne5 Qd8 13. Rbd1 Nxd2 14. Qxd2 Bxd3 15. Qxd3 Nd7 16. Bg3 Nxe5 17. Bxe5 Bd6 18. Bxd6 Qxd6 19. c5 Qe7 20. Qc3 Rfe8 21. f4 f6 22. Rf2 e5 23. dxe5 fxe5 24. e4 exf4 25. exd5 cxd5 26. Rxf4 Qe5 27. Rfd4 Rad8 28. Qb3 Kh8 29. h3 Qg5 30. Rxd5 Rxd5 31. Qxd5 Qe3+ 32. Kh1 Qf2 33. b4 h6 34. Rg1 Re1 35. Qd8+ Kh7 36. Qd3+ Kh8 37. Qd8+ Kh7 1/2-1/2

[Event "NOR-ch U20 Girls"]
[Site "Sandnes"]
[Date "2015.02.13"]
[Round "3"]
[White "Jorgensen, Line Jin"]
[Black "Kyrkjebo, Marte Bakken"]
[Result "0-1"]
[WhiteElo "1944"]
[BlackElo "1634"]
[PlyCount "120"]
[EventDate "2015.02.13"]
[EventType "swiss"]
[EventRounds "6"]
[EventCountry "NOR"]
[SourceTitle "EXT 2017"]
[Source "ChessBase"]
[SourceDate "2016.10.25"]
[SourceVersion "1"]
[SourceVersionDate "2016.10.25"]
[SourceQuality "1"]

1. e4 e5 2. Nf3 Nc6 3. Bb5 a6 4. Ba4 Nf6 5. 0-0 b5 6. Bb3 Be7 7. Re1 d6 8. c3 0-0 9. h3 Na5 10. Bc2 c5 11. d4 Qc7 12. Nbd2 cxd4 13. cxd4 Rd8 14. d5 Nc4 15. Nf1 a5 16. b3 Nb6 17. Bd3 Bd7 18. Qe2 b4 19. Be3 Rdb8 20. Rac1 Qd8 21. Ng3 Bf8 22. Rc2 g6 23. Ba6 Ne8 24. Bd3 Bg7 25. Rec1 Nc8 26. Nh2 Ne7 27. f4 a4 28. Qf2 axb3 29. axb3 Ra3 30. Bc4 Bb5 31. f5 f6 32. fxg6 hxg6 33. Ng4 Bxc4 34. bxc4 b3 35. Rb2 Qa5 36. Kh2 Ra2 37. Rcb1 Rxb2 38. Rxb2 Qc3 39. c5 dxc5 40. Bxc5 Nc8 41. Be3 Ncd6 42. Rb1 b2 43. Ba7 Rb7 44. Bc5 Nc4 45. Nf1 Qc1 46. Qe2 Qxb1 47. Qxc4 Qc1 48. Qa6 b1Q 49. Qe6+ Kh7 50. Qxe8 Qxc5 51. Nfe3 Qe7 52. Qc6 Qxe4 53. h4 Rc7 54. Qa6 Qf4+ 55. Kh3 f5 56. g3 fxg4+ 57. Nxg4 Qd4 58. Qe2 Rc1 59. Ne3 Rh1+ 60. Kg2 Qe4+ 0-1

[Event "Lisbon Christmas op"]
[Site "Lisbon"]
[Date "2014.12.28"]
[Round "4"]
[White "Jorgensen, Line Jin"]
[Black "Francisco, Joao"]
[Result "1/2-1/2"]
[WhiteElo "1942"]
[BlackElo "2165"]
[PlyCount "59"]
[EventDate "2014.12.26"]
[EventType "swiss"]
[EventRounds "9"]
[EventCountry "POR"]
[SourceTitle "EXT 2018"]
[Source "ChessBase"]
[SourceDate "2017.10.13"]
[SourceVersion "1"]
[SourceVersionDate "2017.10.13"]
[SourceQuality "1"]

1. d4 d6 2. Nf3 f5 3. e3 Nf6 4. Bd3 g6 5. 0-0 Bg7 6. c4 0-0 7. Nc3 Qe8 8. d5 e5 9. dxe6 Bxe6 10. Qc2 Na6 11. a3 Nc5 12. Be2 h6 13. b4 Ncd7 14. Bb2 a6 15. Rfd1 Qf7 16. Nb1 b5 17. Nbd2 c6 18. Nd4 Ne5 19. Nxe6 Qxe6 20. Nf3 Ne4 21. Nxe5 dxe5 22. a4 Kh7 23. axb5 axb5 24. cxb5 cxb5 25. Bxb5 Rxa1 26. Rxa1 Qb6 27. Bd3 Qxb4 28. Ba3 Qa5 29. Bb2 Qb4 30. Ba3 1/2-1/2

[Event "Reykjavik op"]
[Site "Reykjavik"]
[Date "2014.03.12"]
[Round "10"]
[White "Jorgensen, Line Jin"]
[Black "Nordquelle, Daniel"]
[Result "1-0"]
[WhiteElo "1923"]
[BlackElo "1654"]
[PlyCount "55"]
[EventDate "2014.03.04"]
[EventType "swiss"]
[EventRounds "10"]
[EventCountry "ISL"]
[SourceTitle "CBM 159 Extra"]
[Source "ChessBase"]
[SourceDate "2014.04.24"]
[SourceVersion "1"]
[SourceVersionDate "2014.04.24"]
[SourceQuality "1"]

1. e4 e6 2. d4 d5 3. Nd2 Nf6 4. e5 Nfd7 5. Bd3 c5 6. c3 Nc6 7. Ne2 cxd4 8. cxd4 f6 9. exf6 Qxf6 10. Nf3 Bd6 11. Bg5 Qf7 12. Qb1 Nf6 13. 0-0 Bd7 14. Bh4 0-0-0 15. a3 e5 16. dxe5 Nxe5 17. Nxe5 Bxe5 18. Bg3 Bxg3 19. Nxg3 Kb8 20. b4 g5 21. b5 h5 22. b6 a6 23. Qb4 g4 24. Bxa6 bxa6 25. Qd6+ Ka8 26. Qc7 Bc6 27. Qxf7 Nd7 28. Rfc1 1-0

[Event "Reykjavik op"]
[Site "Reykjavik"]
[Date "2014.03.10"]
[Round "8"]
[White "Jorgensen, Line Jin"]
[Black "Hackner, Oskar A"]
[Result "1/2-1/2"]
[WhiteElo "1923"]
[BlackElo "2105"]
[PlyCount "98"]
[EventDate "2014.03.04"]
[EventType "swiss"]
[EventRounds "10"]
[EventCountry "ISL"]
[SourceTitle "CBM 159 Extra"]
[Source "ChessBase"]
[SourceDate "2014.04.24"]
[SourceVersion "1"]
[SourceVersionDate "2014.04.24"]
[SourceQuality "1"]

1. e4 e6 2. d4 d5 3. Nd2 Nf6 4. e5 Nfd7 5. Bd3 c5 6. c3 Nc6 7. Ngf3 g6 8. h4 Qb6 9. h5 g5 10. Nxg5 cxd4 11. Bxh7 Ncxe5 12. cxd4 Qxd4 13. Qe2 Nc5 14. Ndf3 Nxf3+ 15. Qxf3 f6 16. Bg6+ Ke7 17. 0-0 Bg7 18. Be3 Qb4 19. a3 Qb5 20. b4 Nd7 21. Nf7 Rf8 22. h6 Rxf7 23. Bxf7 Ne5 24. Qg3 Bxh6 25. Bxh6 Nxf7 26. Bg7 e5 27. Qf3 Qc6 28. Rac1 Ng5 29. Qe2 Qb6 30. Rc5 Ne6 31. Rfc1 Bd7 32. Bxf6+ Kxf6 33. Rxd5 Ke7 34. Rxe5 Rf8 35. Rd1 Rf6 36. Rd2 Qc7 37. Qh5 Qc1+ 38. Rd1 Qc2 39. Qe2 Qxe2 40. Rxe2 Bc6 41. Re3 Kf7 42. f3 Nf4 43. Kf2 Rg6 44. g4 Rf6 45. Rd2 a6 46. Kg3 Nd5 47. Red3 Ke6 48. f4 Kd6 49. f5 Rf8 1/2-1/2

[Event "Gibraltar Challengers-A 12th"]
[Site "Caleta"]
[Date "2014.01.29"]
[Round "3"]
[White "Ellison, Derek George"]
[Black "Jorgensen, Line Jin"]
[Result "0-1"]
[WhiteElo "2013"]
[BlackElo "1925"]
[PlyCount "100"]
[EventDate "2014.01.27"]
[EventType "swiss"]
[EventRounds "5"]
[EventCountry "GGB"]
[SourceTitle "CBM 158 Extra"]
[Source "ChessBase"]
[SourceDate "2014.02.28"]
[SourceVersion "1"]
[SourceVersionDate "2014.02.28"]
[SourceQuality "1"]

1. e4 e6 2. d4 d5 3. Nc3 Bb4 4. e5 c5 5. a3 Ba5 6. b4 cxb4 7. Nb5 bxa3+ 8. c3 Bc7 9. Bxa3 a6 10. Bd6 Bb6 11. Bxb8 Rxb8 12. Nd6+ Kf8 13. Qh5 Nh6 14. g4 Qc7 15. Ne2 Ng8 16. Rb1 Ba5 17. Rb3 g6 18. Qh3 Bd7 19. Nf4 Ba4 20. Ra3 Be8 21. Qf3 Kg7 22. Nh5+ Kf8 23. Nf4 Kg7 24. h4 Bb4 25. Nxe8+ Rxe8 26. Rb3 Ba5 27. h5 Qc6 28. hxg6 hxg6 29. Rxh8 Kxh8 30. g5 Rc8 31. Ne2 Kg7 32. Bh3 b6 33. Kd2 Rc7 34. Nc1 Qc4 35. Qd3 Qxd3+ 36. Nxd3 Ne7 37. f4 Nc6 38. Bf1 Nxd4 39. Ra3 Nb5 40. Rb3 Nxc3 41. Ke3 b5 42. Ra3 Bb6+ 43. Kf3 a5 44. Ra1 Ne4 45. Rc1 Nd2+ 46. Ke2 Rxc1 47. Nxc1 Nxf1 48. Kxf1 Be3 49. Nd3 a4 50. Ke2 a3 0-1

[Event "Gibraltar Challengers-A 12th"]
[Site "Caleta"]
[Date "2014.01.28"]
[Round "2"]
[White "Jorgensen, Line Jin"]
[Black "Nejanky, Maisa"]
[Result "0-1"]
[WhiteElo "1925"]
[BlackElo "2040"]
[PlyCount "64"]
[EventDate "2014.01.27"]
[EventType "swiss"]
[EventRounds "5"]
[EventCountry "GGB"]
[SourceTitle "CBM 158 Extra"]
[Source "ChessBase"]
[SourceDate "2014.02.28"]
[SourceVersion "1"]
[SourceVersionDate "2014.02.28"]
[SourceQuality "1"]

1. d4 Nf6 2. c4 c5 3. d5 b5 4. cxb5 a6 5. bxa6 g6 6. Nc3 Bxa6 7. e4 Bxf1 8. Kxf1 d6 9. g3 Bg7 10. Kg2 Nbd7 11. Nf3 0-0 12. h3 Qc7 13. Re1 Rfb8 14. Re2 Nb6 15. Bg5 h6 16. Bf4 Nh5 17. Bc1 Qb7 18. a4 Qa6 19. e5 Nc4 20. g4 Nxb2 21. Qc2 Nd3 22. gxh5 dxe5 23. Rb1 f5 24. Rxb8+ Rxb8 25. Nb5 e4 26. Nh4 gxh5 27. Nxf5 Qg6+ 28. Ng3 h4 29. Rxe4 Ne1+ 30. Rxe1 Qxc2 31. Ne4 Qxa4 32. Nc7 Qa5 0-1

[Event "Rogala-ch op A"]
[Site "Torvastad"]
[Date "2013.10.12"]
[Round "2"]
[White "Jacobsen, Caroline Beer"]
[Black "Jorgensen, Line Jin"]
[Result "0-1"]
[WhiteElo "1398"]
[BlackElo "1773"]
[PlyCount "136"]
[EventDate "2013.10.11"]
[EventType "swiss"]
[EventRounds "5"]
[EventCountry "NOR"]
[SourceTitle "EXT 2024"]
[Source "ChessBase"]
[SourceDate "2023.10.10"]
[SourceVersion "1"]
[SourceVersionDate "2023.10.10"]
[SourceQuality "1"]

1. e4 e6 2. d4 d5 3. exd5 exd5 4. Nc3 Nf6 5. Bg5 Be7 6. Bd3 Bg4 7. Nf3 Nbd7 8. h3 Bh5 9. g4 Bg6 10. Qe2 0-0 11. 0-0-0 Re8 12. Ne5 Ne4 13. Bxe7 Nxc3 14. Bxd8 Nxe2+ 15. Bxe2 Raxd8 16. f4 Be4 17. Bf3 Bxf3 18. Nxf3 Re3 19. Ne5 f6 20. Nxd7 Rxd7 21. Rde1 Rde7 22. Kd2 R3e4 23. c3 Rxe1 24. Rxe1 Rxe1 25. Kxe1 f5 26. g5 Kf7 27. Kf2 Kg6 28. Kg2 h6 29. h4 hxg5 30. hxg5 Kf7 31. Kf3 Ke7 32. Ke3 Kd6 33. Kd3 a5 34. a4 Kc6 35. b3 b5 36. Ke3 Kb6 37. Kd3 c6 38. Ke3 Kc7 39. Kd3 Kd6 40. Ke3 Kc7 41. Kd3 Kb6 42. Ke3 Ka6 43. Kd3 Kb7 44. Ke3 Kc8 45. Kd3 Kd8 46. Ke3 Ke8 47. Kf3 Kf7 48. Kg3 Kg6 49. Kh4 Kf7 50. Kh5 Ke7 51. Kg6 c5 52. Kxg7 c4 53. bxc4 bxa4 54. Kh8 a3 55. g6 a2 56. g7 a1Q 57. g8Q Qh1+ 58. Kg7 Qg1+ 59. Kh7 Qxg8+ 60. Kxg8 dxc4 61. Kg7 a4 62. Kg6 a3 63. Kxf5 a2 64. Ke5 a1Q 65. f5 Qxc3 66. f6+ Kf7 67. Kd5 Qd3 68. Ke5 c3 0-1

[Event "Rogala-ch op A"]
[Site "Torvastad"]
[Date "2013.10.11"]
[Round "1"]
[White "Jorgensen, Line Jin"]
[Black "Seglem, Ole Andre"]
[Result "1-0"]
[WhiteElo "1773"]
[BlackElo "658"]
[PlyCount "57"]
[EventDate "2013.10.11"]
[EventType "swiss"]
[EventRounds "5"]
[EventCountry "NOR"]
[SourceTitle "EXT 2024"]
[Source "ChessBase"]
[SourceDate "2023.10.10"]
[SourceVersion "1"]
[SourceVersionDate "2023.10.10"]
[SourceQuality "1"]

1. d4 Nf6 2. Nf3 g6 3. c4 Bg7 4. Nc3 d5 5. e3 Bf5 6. Qb3 b6 7. cxd5 Ne4 8. Bb5+ Nd7 9. 0-0 Nxc3 10. bxc3 e6 11. Ba3 exd5 12. Qxd5 Be6 13. Bxd7+ Bxd7 14. Ne5 Be6 15. Qc6+ Bd7 16. Nxd7 Qxd7 17. Qxa8+ Qd8 18. Qe4+ Kd7 19. c4 Kc8 20. c5 bxc5 21. Bxc5 Kb8 22. Rab1+ Kc8 23. Bxa7 Qg5 24. Qc6 Kd8 25. Rb8+ Ke7 26. Qxc7+ Kf6 27. Rb6+ Kf5 28. Rb5+ Kg4 29. Qg3+ 1-0

[Event "Oslo Vederhus Memorial op B"]
[Site "Oslo"]
[Date "2013.09.29"]
[Round "7"]
[White "Jorgensen, Line Jin"]
[Black "Moseng, Geir"]
[Result "0-1"]
[WhiteElo "1892"]
[BlackElo "2052"]
[PlyCount "56"]
[EventDate "2013.09.29"]
[EventType "swiss"]
[EventRounds "9"]
[EventCountry "NOR"]
[SourceTitle "EXT 2024"]
[Source "ChessBase"]
[SourceDate "2023.10.10"]
[SourceVersion "1"]
[SourceVersionDate "2023.10.10"]
[SourceQuality "1"]

1. e4 e6 2. d4 d5 3. Nd2 Nf6 4. e5 Nfd7 5. Bd3 c5 6. c3 b6 7. Ne2 Ba6 8. Bxa6 Nxa6 9. 0-0 Nc7 10. f4 f5 11. exf6 Nxf6 12. Nf3 Bd6 13. Ne5 0-0 14. Ng3 cxd4 15. cxd4 Ne4 16. Nxe4 dxe4 17. Qe2 Bxe5 18. dxe5 Qd3 19. Re1 Rad8 20. Qxe4 Qxe4 21. Rxe4 Rd1+ 22. Kf2 Nd5 23. g3 g5 24. Rc4 gxf4 25. g4 Ne3 26. Rc7 Nxg4+ 27. Ke2 Rh1 28. a4 f3+ 0-1

[Event "Stavanger op A"]
[Site "Stavanger"]
[Date "2013.05.??"]
[Round "1"]
[White "Jorgensen, Line Jin"]
[Black "Drill, Frank J"]
[Result "0-1"]
[WhiteElo "1880"]
[BlackElo "2144"]
[PlyCount "78"]
[EventDate "2013.05.08"]
[EventType "swiss"]
[EventRounds "6"]
[EventCountry "NOR"]
[SourceTitle "EXT 2024"]
[Source "ChessBase"]
[SourceDate "2023.10.10"]
[SourceVersion "1"]
[SourceVersionDate "2023.10.10"]
[SourceQuality "1"]

1. d4 d6 2. Nf3 Bg4 3. e4 c6 4. Be2 Nd7 5. 0-0 Ngf6 6. Nc3 Qc7 7. Be3 e6 8. a4 Be7 9. Qd2 0-0 10. Ne1 Bxe2 11. Qxe2 Rfe8 12. Nd3 e5 13. dxe5 Nxe5 14. Nxe5 dxe5 15. f3 Nd7 16. Qf2 Bb4 17. Ne2 Nf8 18. Nc1 Ne6 19. Nd3 Be7 20. c3 Red8 21. Qc2 Bg5 22. Bf2 Rd7 23. Rad1 c5 24. Nc1 Rad8 25. Rxd7 Rxd7 26. Rd1 Bxc1 27. Rxc1 Qd8 28. Be3 Rd3 29. Re1 c4 30. g3 h5 31. Qe2 h4 32. Kg2 Nc5 33. Qf2 Nxa4 34. Re2 b6 35. f4 Qd7 36. f5 hxg3 37. Qxg3 Nc5 38. f6 g6 39. Bxc5 Rxg3+ 0-1

[Event "NOR-ch U16 Girls"]
[Site "Fauskanger"]
[Date "2013.02.??"]
[Round "2"]
[White "Jorgensen, Line Jin"]
[Black "Hansen, Erle Andrea Marki"]
[Result "1-0"]
[WhiteElo "1857"]
[BlackElo "1793"]
[PlyCount "59"]
[EventDate "2013.02.01"]
[EventType "swiss"]
[EventRounds "6"]
[EventCountry "NOR"]
[SourceTitle "EXT 2024"]
[Source "ChessBase"]
[SourceDate "2023.10.10"]
[SourceVersion "1"]
[SourceVersionDate "2023.10.10"]
[SourceQuality "1"]

1. e4 c5 2. Nf3 e6 3. d4 cxd4 4. Nxd4 Nf6 5. Nc3 Bb4 6. e5 Nd5 7. Bd2 Qa5 8. Nxd5 Bxd2+ 9. Qxd2 Qxd5 10. f4 a6 11. c4 Qe4+ 12. Be2 Qxg2 13. 0-0-0 Nc6 14. Nf3 Qf2 15. Rhg1 g6 16. Ng5 0-0 17. Ne4 Qb6 18. Nf6+ Kg7 19. h4 Ne7 20. h5 Nf5 21. hxg6 hxg6 22. Bd3 Qe3 23. Bxf5 Qxd2+ 24. Rxd2 exf5 25. Rgd1 b5 26. c5 Bb7 27. Rxd7 Bc6 28. Rc7 Rac8 29. Rxc8 Rxc8 30. b4 1-0

[Event "Oslo Sveins op 5th"]
[Site "Oslo"]
[Date "2012.06.25"]
[Round "6"]
[White "Jorgensen, Line Jin"]
[Black "Moseng, Geir"]
[Result "0-1"]
[WhiteElo "1876"]
[BlackElo "2124"]
[PlyCount "40"]
[EventDate "2012.06.22"]
[EventType "swiss"]
[EventRounds "9"]
[EventCountry "NOR"]
[SourceTitle "CBM 149 Extra"]
[Source "ChessBase"]
[SourceDate "2012.08.24"]
[SourceVersion "1"]
[SourceVersionDate "2012.08.24"]
[SourceQuality "1"]

1. c4 f5 2. d4 Nf6 3. Nc3 g6 4. Nf3 Bg7 5. g3 0-0 6. Bg2 d6 7. 0-0 Nc6 8. b3 a6 9. Bb2 e5 10. d5 Ne7 11. e3 h6 12. Nd2 e4 13. f4 exf3 14. Bxf3 g5 15. Kh1 Ng6 16. e4 f4 17. gxf4 Nxf4 18. Qc2 Bh3 19. Rf2 g4 20. Be2 N6h5 0-1

[Event "Oslo Sveins op 5th"]
[Site "Oslo"]
[Date "2012.06.22"]
[Round "1"]
[White "Hoi, Carsten"]
[Black "Jorgensen, Line Jin"]
[Result "1-0"]
[WhiteElo "2357"]
[BlackElo "1876"]
[PlyCount "67"]
[EventDate "2012.06.22"]
[EventType "swiss"]
[EventRounds "9"]
[EventCountry "NOR"]
[SourceTitle "CBM 149 Extra"]
[Source "ChessBase"]
[SourceDate "2012.08.24"]
[SourceVersion "1"]
[SourceVersionDate "2012.08.24"]
[SourceQuality "1"]

1. d4 Nf6 2. c4 c5 3. Nf3 cxd4 4. Nxd4 Nc6 5. Nc3 g6 6. e4 d6 7. Be2 Bg7 8. Be3 0-0 9. 0-0 Bd7 10. Qd2 Qa5 11. f3 Rfc8 12. Rfd1 Nxd4 13. Bxd4 Bc6 14. a3 a6 15. b4 Qd8 16. Rac1 b5 17. cxb5 axb5 18. Bxb5 Bxb5 19. Nxb5 Nd7 20. Rxc8 Bxd4+ 21. Nxd4 Qxc8 22. Rc1 Qa6 23. Nc6 Qxa3 24. Nxe7+ Kg7 25. Nd5 Rb8 26. h3 Qa7+ 27. Kh2 Rb7 28. Qb2+ Kh6 29. Rc6 Qb8 30. Qc1+ Kg7 31. Qc3+ Kh6 32. Rc8 Qa7 33. Rg8 f6 34. Qd2+ 1-0

[Event "Oslo Sveins op 5th"]
[Site "Oslo"]
[Date "2012.06.22"]
[Round "2"]
[White "Jorgensen, Line Jin"]
[Black "Eriksen, Dagfinn"]
[Result "0-1"]
[WhiteElo "1876"]
[BlackElo "1656"]
[PlyCount "94"]
[EventDate "2012.06.22"]
[EventType "swiss"]
[EventRounds "9"]
[EventCountry "NOR"]
[SourceTitle "CBM 149 Extra"]
[Source "ChessBase"]
[SourceDate "2012.08.24"]
[SourceVersion "1"]
[SourceVersionDate "2012.08.24"]
[SourceQuality "1"]

1. d4 d5 2. c4 Nc6 3. Nc3 dxc4 4. Nf3 Nf6 5. e4 Bg4 6. Be3 e6 7. Bxc4 Bb4 8. Qc2 0-0 9. Rd1 Qe7 10. 0-0 Bxc3 11. bxc3 Nd7 12. Bd3 e5 13. Rb1 b6 14. Qa4 Na5 15. Nxe5 Nxe5 16. dxe5 Rfd8 17. Qc2 Qxe5 18. f3 Be6 19. f4 Qd6 20. Be2 Nc4 21. Bxc4 Bxc4 22. Rfd1 Bd3 23. Qf2 Qc6 24. Rb2 Bxe4 25. Rxd8+ Rxd8 26. Rd2 Re8 27. Bd4 Qb5 28. h3 Bg6 29. Kh2 c5 30. f5 cxd4 31. fxg6 Qe5+ 32. g3 hxg6 33. cxd4 Qe3 34. Qg2 Qe4 35. Qf2 Rd8 36. Rd1 b5 37. Rf1 f5 38. Rd1 Kh7 39. g4 Rc8 40. Rd2 Kg8 41. Re2 Qd3 42. gxf5 gxf5 43. Rd2 Qe4 44. d5 Rc1 45. Re2 Qh1+ 46. Kg3 Rg1+ 47. Kh4 Rg4+ 0-1

[Event "Oslo Sveins op 5th"]
[Site "Oslo"]
[Date "2012.06.22"]
[Round "5"]
[White "Rodvik, Trym Daniel"]
[Black "Jorgensen, Line Jin"]
[Result "0-1"]
[WhiteElo "1926"]
[BlackElo "1876"]
[PlyCount "106"]
[EventDate "2012.06.22"]
[EventType "swiss"]
[EventRounds "9"]
[EventCountry "NOR"]
[SourceTitle "CBM 149 Extra"]
[Source "ChessBase"]
[SourceDate "2012.08.24"]
[SourceVersion "1"]
[SourceVersionDate "2012.08.24"]
[SourceQuality "1"]

1. e4 c5 2. Nf3 Nc6 3. Bb5 g6 4. 0-0 Bg7 5. Bxc6 bxc6 6. Re1 d5 7. e5 e6 8. d3 Ne7 9. c4 0-0 10. Nc3 Nf5 11. Na4 dxc4 12. dxc4 Qxd1 13. Rxd1 Nd4 14. Nxd4 cxd4 15. f4 f6 16. Rxd4 fxe5 17. Re4 exf4 18. Bxf4 Rf5 19. Rae1 c5 20. Be5 Bb7 21. R4e2 Bf8 22. Bg3 Bc8 23. Rd2 Kf7 24. Bd6 Bd7 25. Nxc5 Rxc5 26. Bxf8 Kxf8 27. Rxd7 Rxc4 28. Rxe6 Kg8 29. h3 Rc2 30. Rb7 Rd8 31. Ree7 a5 32. Rg7+ Kh8 33. Rxh7+ Kg8 34. Rbg7+ Kf8 35. Rc7 Rxc7 36. Rxc7 Rd2 37. Rb7 a4 38. a3 Ke8 39. Kh2 Kd8 40. Kg3 Kc8 41. Rb4 Kd7 42. Rxa4 Rxb2 43. Ra6 Ke7 44. h4 Kf7 45. Ra7+ Kf6 46. Kh3 Rb6 47. a4 g5 48. hxg5+ Kxg5 49. Rg7+ Kf5 50. Rf7+ Kg5 51. Rf3 Ra6 52. Ra3 Kf4 53. a5 Rh6# 0-1